Voice of the Hidden Waterfall. (Record no. 2565)

MARC details
000 -LEADER
fixed length control field 00366nam a22001217a 4500
005 - DATE AND TIME OF LATEST TRANSACTION
control field 20200918113254.0
008 - FIXED-LENGTH DATA ELEMENTS--GENERAL INFORMATION
fixed length control field 200918b ||||| |||| 00| 0 eng d
020 ## - INTERNATIONAL STANDARD BOOK NUMBER
International Standard Book Number 0854391789
040 ## - CATALOGING SOURCE
Transcribing agency CML
245 ## - TITLE STATEMENT
Title Voice of the Hidden Waterfall.
Statement of responsibility, etc. Nichols, K.
260 ## - PUBLICATION, DISTRIBUTION, ETC.
Place of publication, distribution, etc. Middlegreen
Name of publisher, distributor, etc. St Paul Publications
Date of publication, distribution, etc. 1980
942 ## - ADDED ENTRY ELEMENTS (KOHA)
Source of classification or shelving scheme Dewey Decimal Classification
Koha item type Books
Edition 1st Edition
Classification part 207
Call number suffix BAL
Holdings
Withdrawn status Lost status Source of classification or shelving scheme Damaged status Not for loan Collection code Home library Current library Shelving location Date acquired Total Checkouts Full call number Date last seen Copy number Price effective from Koha item type
    Dewey Decimal Classification     Religion Chalimbana Main Library Chalimbana Main Library Religion 09/18/2020   207 BAL 09/18/2020 1 09/18/2020 Books

Powered by Koha